Лингвистическая семантика (Запись № 1406715)

Подробности
000 -МАРКЕР
контрольное поле 01506nam0a2200349 4500
001 - ИДЕНТИФИКАТОР ЗАПИСИ
контрольное поле RU\NLR\bibl\547777
005 - ИДЕНТИФИКАТОР ВЕРСИИ
контрольное поле 20260409065023.0
010 ## - МЕЖДУНАРОДНЫЙ СТАНДАРТНЫЙ НОМЕР КНИГИ (ISBN)
Номер (ISBN) 5-354-00819-0
Тираж 1200
021 ## - НОМЕР ГОСУДАРСТВЕННОЙ РЕГИСТРАЦИИ
Код страны российская федерация
Номер 2004-41442
Номер Листа государственной регистраци 2056
035 ## - ДРУГИЕ СИСТЕМНЫЕ НОМЕРА
Идентификатор записи (NLR Aleph) 000539973
100 ## - ДАННЫЕ ОБЩЕЙ ОБРАБОТКИ
Данные общей обработки 20040830d2004 u y0rusy50 ca
101 0# - ЯЗЫК РЕСУРСА
Язык текста, звукозаписи и т.д. русский
102 ## - СТРАНА ПУБЛИКАЦИИ ИЛИ ПРОИЗВОДСТВА
Страна публикации российская федерация
105 ## - ПОЛЕ КОДИРОВАННЫХ ДАННЫХ: ТЕКСТОВЫЕ МАТЕРИАЛЫ, МОНОГРАФИЧЕСКИЕ
Кодированные данные о монографическом текстовом документе a |||||||||
200 1# - ЗАГЛАВИЕ И СВЕДЕНИЯ ОБ ОТВЕТСТВЕННОСТИ
Основное заглавие Лингвистическая семантика
Сведения, относящиеся к заглавию Учеб. для студентов фак. филол. профиля
Первые сведения об ответственности И.М. Кобозева
Последующие сведения об ответственности МГУ им. М.В. Ломоносова. Филол. фак.
205 ## - СВЕДЕНИЯ ОБ ИЗДАНИИ
Сведения об издании 2-е изд.
210 ## - ПУБЛИКАЦИЯ, РАСПРОСТРАНЕНИЕ И ДР.
Место издания, распространения и т.д. М.
Имя издателя, распространителя и т. д. УРСС
-- Едиториал УРСС
Дата издания, распространения и т.д. 2004
215 ## - ФИЗИЧЕСКАЯ ХАРАКТЕРИСТИКА
Специфическое обозначение материала и объем 350 с.
Другие сведения о физической характеристике ил.
Размеры 22
225 1# - СЕРИЯ
Основное заглавие серии Новый лингвистический учебник
320 ## - ПРИМЕЧАНИЯ О НАЛИЧИИ В ДОКУМЕНТЕ БИБЛИОГРАФИИ / УКАЗАТЕЛЯ
Текст примечания Библиогр.: с. 317-331 (329 назв.)
320 ## - ПРИМЕЧАНИЯ О НАЛИЧИИ В ДОКУМЕНТЕ БИБЛИОГРАФИИ / УКАЗАТЕЛЯ
Текст примечания Предм. указ.: с. 332-346
606 ## - НАИМЕНОВАНИЕ ТЕМЫ КАК ПРЕДМЕТ
Наименование темы Семантика (лингв.)
Формальный подзаголовок Руководства, пособия и т.п. для высшей школы
Идентификатор авторитетной/нормативной записи RU\NLR\auth\666020
Системный номер авторитетной/нормативной записи 898384
606 ## - НАИМЕНОВАНИЕ ТЕМЫ КАК ПРЕДМЕТ
Наименование темы Семантика (лингв.)
Формальный подзаголовок Учебные издания для высших учебных заведений
Идентификатор авторитетной/нормативной записи RU\NLR\auth\666020
Системный номер авторитетной/нормативной записи 898384
686 ## - ИНДЕКСЫ ДРУГИХ КЛАССИФИКАЦИЙ
Индекс Ш103.2я7
700 #1 - ИМЯ ЛИЦА - ПЕРВИЧНАЯ ОТВЕТСТВЕННОСТЬ
Начальный элемент ввода Кобозева
Часть имени, кроме начального элемента ввода И. М.
Расширение инициалов личного имени Ирина Михайловна
Код отношения Автор
801 #0 - ИСТОЧНИК ЗАПИСИ
Страна российская федерация
Организация NLR
Дата составления 20040830
Правила каталогизации PSBO
801 #1 - ИСТОЧНИК ЗАПИСИ
Страна российская федерация
Организация NLR
Дата составления 20040830
830 ## - ОБЩЕЕ ПРИМЕЧАНИЕ, СОСТАВЛЕННОЕ КАТАЛОГИЗАТОРОМ
Текст примечания Авт. по кн.
942 ## - ДОПОЛНИТЕЛЬНЫЕ ЭЛЕМЕНТЫ ЗАПИСИ (АБИС)
Тип экземпляра АБИС Книга
980 ## - КОЛЛЕКЦИЯ
Название коллекции Национальная библиография
Экземпляры
Тип экземпляра Дата поступления Источник поступления Библиотека постоянного хранения Библиотека текущего хранения Место хранения Шифр хранения Штрих-код Статус не для выдачи
Книга 30.08.2004 Обязательный экземпляр РНБ (Московский) РНБ (Московский) Русский книжный фонд: издания с 1957 года, 3этаж 2004-5/4457 1-956069  
Книга 30.08.2004 Обязательный экземпляр РНБ (Московский) РНБ (Московский) Русский книжный фонд: издания с 1957 года, 3этаж 2004-5/4457 741387